[Event "12th Asrian Memorial 2019"]
[Site "Yerevan"]
[Date "2019.06.12"]
[Round "2.5"]
[White "Ghukasyan, Siranush"]
[Black "Kulaots, Kaido"]
[Result "0-1"]
[WhiteElo "2255"]
[BlackElo "2574"]
[Annotator "ChessBase"]
[PlyCount "64"]
[EventDate "2019.06.11"]
[EventType "swiss"]
[EventCountry "ARM"]
[SourceTitle "playchess.com"]
[Source "ChessBase"]
[SourceQuality "1"]
[TimeControl "40/5400+30:1800+30"]

1. e4 {[%emt 0:00:00]} c5 {[%emt 0:00:00]} 2. Nf3 {[%emt 0:00:00]} d6 {[%emt 0:00:00]} 3. d4 {[%emt 0:00:00]} cxd4 {[%emt 0:00:03]} 4. Nxd4 {[%emt 0:00:00]} Nf6 {[%emt 0:00:08]} 5. Nc3 {[%emt 0:00:00]} Bd7 {[%emt 0:00:13]} 6. Be2 {[%emt 0:02:20]} g6 {[%emt 0:01:38]} 7. Be3 {[%emt 0:01:37]} Bg7 {[%emt 0:00:30]} 8. f3 {[%emt 0:00:56]} Nc6 {[%emt 0:05:36]} 9. Qd2 {[%emt 0:00:49]} h5 {[%emt 0:04:50]} 10. O-O-O {[%emt 0:02:39]} Rc8 {[%emt 0:00:15]} 11. Kb1 {[%emt 0:01:20]} Ne5 {[%emt 0:07:04]} 12. g3 {[%emt 0:06:28]} a6 {[%emt 0:03:58]} 13. h3 {[%emt 0:02:26]} b5 {[%emt 0:01:32]} 14. a3 {[%emt 0:05:25]} Nc4 {[%emt 0:05:34]} 15. Bxc4 {[%emt 0:00:00]} Rxc4 {[%emt 0:00:36]} 16. g4 {[%emt 0:05:30]} h4 {[%emt 0:20:26]} 17. Qe1 {[%emt 0:10:37]} Qb8 {[%emt 0:02:22]} 18. Na2 {[%emt 0:17:27]} d5 {[%emt 0:14:49]} 19. g5 {[%emt 0:06:08]} Nh5 {[%emt 0:00:13]} 20. exd5 {[%emt 0:00:27]} Ng3 {[%emt 0:00:27]} 21. Rg1 {[%emt 0:00:44]} Nf5 {[%emt 0:03:05]} 22. c3 {[%emt 0:22:32]} a5 {[%emt 0:02:42]} 23. Ka1 {[%emt 0:03:23]} O-O {[%emt 0:04:58]} 24. Nxf5 {[%emt 0:06:03]} Bxf5 {[%emt 0:00:07]} 25. Bd4 {[%emt 0:01:43]} Bxd4 {[%emt 0:05:07]} 26. Rxd4 {[%emt 0:00:09]} Rxd4 {[%emt 0:03:01]} 27. cxd4 {[%emt 0:00:01]} b4 {[%emt 0:00:40]} 28. Qxe7 {[%emt 0:02:57]} Re8 {[%emt 0:00:18]} 29. Qc5 {[%emt 0:00:31]} Qh2 {[%emt 0:00:35]} 30. Rd1 {[%emt 0:02:08]} Re2 {[%emt 0:06:04]} 31. Qxa5 {[%emt 0:00:25]} Rxb2 {[%emt 0:00:40]} 32. Nxb4 {[%emt 0:00:40]} Rb3 {[%emt 0:00:37]} 0-1

[Event "12th Asrian Memorial 2019"]
[Site "Yerevan"]
[Date "2019.06.12"]
[Round "2.6"]
[White "Harutyunian, Tigran K."]
[Black "Mnatsakanian, Arsen"]
[Result "1-0"]
[WhiteElo "2552"]
[BlackElo "2255"]
[Annotator "RC"]
[PlyCount "65"]
[EventDate "2019.06.11"]
[EventType "swiss"]
[EventCountry "ARM"]
[SourceTitle "playchess.com"]
[Source "ChessBase"]
[SourceQuality "1"]
[TimeControl "40/5400+30:1800+30"]

1. c4 {[%emt 0:08:59]} c5 {[%emt 0:00:00]} 2. Nf3 {[%emt 0:02:41]} Nf6 {[%emt 0:03:23]} 3. Nc3 {[%emt 0:00:54]} g6 {[%emt 0:02:03]} 4. e4 {[%emt 0:00:40]} Nc6 {[%emt 0:00:14]} 5. d4 {[%emt 0:00:18]} cxd4 {[%emt 0:00:05]} 6. Nxd4 {[%emt 0:00:06]} Nxd4 {[%emt 0:00:21]} 7. Qxd4 {[%emt 0:00:08]} Bg7 {[%emt 0:00:24]} 8. Be2 {[%emt 0:04:37]} O-O {[%emt 0:00:23]} 9. O-O {[%emt 0:01:06]} d6 {[%emt 0:00:07]} 10. Qd3 {[%emt 0:00:47]} a5 {[%emt 0:01:43]} 11. Be3 {[%emt 0:02:37]} a4 {[%emt 0:00:11]} 12. Rab1 {[%emt 0:03:57]} Bd7 {[%emt 0:05:10]} 13. Rfd1 {[%emt 0:03:31]} Qa5 {[%emt 0:01:17]} 14. b4 {[%emt 0:02:03]} axb3 {[%emt 0:00:08]} 15. axb3 {[%emt 0:00:08]} Rfc8 {[%emt 0:01:24]} 16. b4 {[%emt 0:04:35]} Qc7 {[%emt 0:00:53]} 17. Nb5 {[%emt 0:06:57]} Bxb5 {[%emt 0:05:57]} 18. cxb5 {[%emt 0:00:08]} Qd8 {[%emt 0:15:34]} 19. h3 {[%emt 0:04:53]} Nd7 {[%emt 0:07:50]} 20. Qd5 {[%emt 0:02:55]} Nb6 {[%emt 0:01:13]} 21. Qxb7 {[%emt 0:03:16]} Na4 {[%emt 0:00:05]} 22. Bd2 {[%emt 0:08:27]} e6 {[%emt 0:13:00]} 23. Rbc1 {[%emt 0:02:56]} Bc3 {[%emt 0:00:34]} 24. b6 {[%emt 0:07:07]} Bxd2 {[%emt 0:02:22]} 25. Rxc8 {[%emt 0:01:08]} Rxc8 {[%emt 0:00:04]} 26. Rxd2 {[%emt 0:00:16]} Rc1+ {[%emt 0:01:02]} 27. Bf1 {[%emt 0:04:26]} Kg7 {[%emt 0:04:06]} 28. Ra2 {[%emt 0:04:43]} Nc3 {[%emt 0:08:12]} 29. Ra7 {[%emt 0:01:48]} Kf6 {[%emt 0:02:10]} 30. Ra8 {[%emt 0:02:20]} Qe7 {[%emt 0:01:13]} 31. Qxe7+ {[%emt 0:00:18]} Kxe7 {[%emt 0:00:06]} 32. b7 {[%emt 0:00:09]} Ne2+ {[%emt 0:00:05]} 33. Kh2 {[%emt 0:00:05]} 1-0

[Event "12th Asrian Memorial 2019"]
[Site "Yerevan"]
[Date "2019.06.12"]
[Round "2.7"]
[White "Sargsyan, Shant"]
[Black "Piliposyan, Robert"]
[Result "1-0"]
[WhiteElo "2512"]
[BlackElo "2188"]
[Annotator "ChessBase"]
[PlyCount "115"]
[EventDate "2019.06.11"]
[EventType "swiss"]
[EventCountry "ARM"]
[SourceTitle "playchess.com"]
[Source "ChessBase"]
[SourceQuality "1"]
[TimeControl "40/5400+30:1800+30"]

1. d4 {[%emt 0:05:26]} Nf6 {[%emt 0:00:00]} 2. c4 {[%emt 0:00:12]} e6 {[%emt 0:00:00]} 3. Nf3 {[%emt 0:00:17]} b6 {[%emt 0:00:00]} 4. g3 {[%emt 0:00:34]} Bb7 {[%emt 0:00:00]} 5. Bg2 {[%emt 0:00:05]} Be7 {[%emt 0:00:06]} 6. O-O {[%emt 0:00:14]} O-O {[%emt 0:00:06]} 7. Re1 {[%emt 0:00:06]} d5 {[%emt 0:00:06]} 8. cxd5 {[%emt 0:00:31]} exd5 {[%emt 0:00:07]} 9. Nc3 {[%emt 0:00:06]} Nbd7 {[%emt 0:00:20]} 10. Nh4 {[%emt 0:00:35]} Re8 {[%emt 0:06:42]} 11. Nf5 {[%emt 0:00:21]} Bf8 {[%emt 0:02:28]} 12. Bg5 {[%emt 0:00:18]} h6 {[%emt 0:08:18]} 13. Bf4 {[%emt 0:00:24]} c6 {[%emt 0:04:38]} 14. Qc2 {[%emt 0:00:31]} Nh5 {[%emt 0:01:31]} 15. Bd2 {[%emt 0:07:13]} Nhf6 {[%emt 0:03:34]} 16. Rad1 {[%emt 0:02:36]} a5 {[%emt 0:03:56]} 17. h4 {[%emt 0:07:31]} b5 {[%emt 0:11:27]} 18. Bf4 {[%emt 0:02:59]} Nb6 {[%emt 0:02:07]} 19. e4 {[%emt 0:14:44]} Nxe4 {[%emt 0:14:02]} 20. Nxe4 {[%emt 0:00:16]} dxe4 {[%emt 0:00:06]} 21. Bxe4 {[%emt 0:00:31]} Nd5 {[%emt 0:00:55]} 22. Be5 {[%emt 0:00:41]} f6 {[%emt 0:09:41]} 23. Bd6 {[%emt 0:00:22]} Bxd6 {[%emt 0:02:42]} 24. Bxd5+ {[%emt 0:01:33]} cxd5 {[%emt 0:00:03]} 25. Rxe8+ {[%emt 0:00:04]} Qxe8 {[%emt 0:00:02]} 26. Nxd6 {[%emt 0:00:05]} Qd7 {[%emt 0:00:58]} 27. Qc5 {[%emt 0:06:13]} Ra6 {[%emt 0:08:12]} 28. Nxb7 {[%emt 0:16:28]} Qxb7 {[%emt 0:00:14]} 29. Rc1 {[%emt 0:08:04]} Re6 {[%emt 0:12:24]} 30. Kf1 {[%emt 0:07:00]} Re4 {[%emt 0:06:18]} 31. f3 {[%emt 0:02:17]} Re8 {[%emt 0:00:25]} 32. Qd6 {[%emt 0:10:56]} Qf7 {[%emt 0:01:08]} 33. Kf2 {[%emt 0:02:42]} Kh8 {[%emt 0:01:48]} 34. Rc7 {[%emt 0:02:01]} Qg6 {[%emt 0:01:02]} 35. Qc6 {[%emt 0:00:50]} b4 {[%emt 0:00:41]} 36. Qc2 {[%emt 0:00:53]} Qxc2+ {[%emt 0:00:43]} 37. Rxc2 {[%emt 0:00:01]} a4 {[%emt 0:00:17]} 38. Rc5 {[%emt 0:00:59]} b3 {[%emt 0:00:22]} 39. axb3 {[%emt 0:01:10]} Rb8 {[%emt 0:01:01]} 40. bxa4 {[%emt 0:00:00]} Rxb2+ {[%emt 0:00:00]} 41. Ke3 {[%emt 0:02:49]} Rb3+ {[%emt 0:00:18]} 42. Kf4 {[%emt 0:03:40]} Rb4 {[%emt 0:00:25]} 43. Rxd5 {[%emt 0:01:38]} Rxa4 {[%emt 0:00:14]} 44. Rd8+ {[%emt 0:01:51]} Kh7 {[%emt 0:00:07]} 45. h5 {[%emt 0:00:10]} Rb4 {[%emt 0:01:52]} 46. g4 {[%emt 0:02:21]} Ra4 {[%emt 0:01:01]} 47. Ke4 {[%emt 0:01:26]} Rb4 {[%emt 0:00:46]} 48. Ra8 {[%emt 0:01:27]} Rb1 {[%emt 0:00:48]} 49. Kd5 {[%emt 0:06:20]} Rb3 {[%emt 0:00:54]} 50. Kc4 {[%emt 0:01:19]} Rxf3 {[%emt 0:04:47]} 51. d5 {[%emt 0:00:10]} Rf1 {[%emt 0:00:08]} 52. d6 {[%emt 0:00:35]} Rd1 {[%emt 0:00:09]} 53. Kc5 {[%emt 0:00:49]} Rc1+ {[%emt 0:03:05]} 54. Kb6 {[%emt 0:00:35]} Rd1 {[%emt 0:00:43]} 55. Kc7 {[%emt 0:00:18]} Rc1+ {[%emt 0:00:07]} 56. Kd8 {[%emt 0:00:13]} Rd1 {[%emt 0:00:18]} 57. d7 {[%emt 0:00:25]} g6 {[%emt 0:00:05]} 58. Ke7 {[%emt 0:00:15]} 1-0

[Event "12th Asrian Memorial 2019"]
[Site "Yerevan"]
[Date "2019.06.12"]
[Round "2.8"]
[White "Yeritsyan, Hayk"]
[Black "Babujian, Levon"]
[Result "0-1"]
[WhiteElo "2208"]
[BlackElo "2485"]
[Annotator "ChessBase"]
[PlyCount "130"]
[EventDate "2019.06.11"]
[EventType "swiss"]
[EventCountry "ARM"]
[SourceTitle "playchess.com"]
[Source "ChessBase"]
[SourceQuality "1"]
[TimeControl "40/5400+30:1800+30"]

1. d4 {[%emt 0:00:37]} Nf6 {[%emt 0:00:00]} 2. c4 {[%emt 0:00:49]} g6 {[%emt 0:00:00]} 3. Nf3 {[%emt 0:00:27]} Bg7 {[%emt 0:00:00]} 4. g3 {[%emt 0:00:13]} O-O {[%emt 0:00:01]} 5. Bg2 {[%emt 0:00:09]} d5 {[%emt 0:00:06]} 6. O-O {[%emt 0:00:11]} dxc4 {[%emt 0:00:13]} 7. Na3 {[%emt 0:00:17]} c3 {[%emt 0:00:06]} 8. bxc3 {[%emt 0:00:09]} c5 {[%emt 0:00:03]} 9. Re1 {[%emt 0:00:17]} Ne4 {[%emt 0:01:16]} 10. Qc2 {[%emt 0:01:08]} f5 {[%emt 0:00:16]} 11. Bf4 {[%emt 0:00:23]} Nc6 {[%emt 0:01:20]} 12. Red1 {[%emt 0:12:40]} Qa5 {[%emt 0:04:22]} 13. Qb3+ {[%emt 0:02:18]} Kh8 {[%emt 0:00:44]} 14. Rac1 {[%emt 0:06:55]} Qb6 {[%emt 0:06:26]} 15. Nc4 {[%emt 0:20:46]} Qxb3 {[%emt 0:00:08]} 16. axb3 {[%emt 0:00:06]} b5 {[%emt 0:09:51]} 17. Ncd2 {[%emt 0:01:24]} Bb7 {[%emt 0:03:51]} 18. Nxe4 {[%emt 0:08:08]} fxe4 {[%emt 0:00:29]} 19. Ng5 {[%emt 0:00:18]} cxd4 {[%emt 0:00:27]} 20. Ne6 {[%emt 0:02:13]} Na5 {[%emt 0:12:21]} 21. cxd4 {[%emt 0:08:16]} Rfc8 {[%emt 0:05:20]} 22. Nxg7 {[%emt 0:01:59]} Kxg7 {[%emt 0:00:09]} 23. b4 {[%emt 0:05:59]} Rxc1 {[%emt 0:01:42]} 24. Rxc1 {[%emt 0:00:24]} Nc4 {[%emt 0:00:06]} 25. Rd1 {[%emt 0:02:50]} Bd5 {[%emt 0:00:21]} 26. Ra1 {[%emt 0:09:04]} a5 {[%emt 0:00:30]} 27. bxa5 {[%emt 0:00:10]} Rxa5 {[%emt 0:05:25]} 28. Rxa5 {[%emt 0:00:09]} Nxa5 {[%emt 0:00:03]} 29. Bd2 {[%emt 0:00:07]} Nc6 {[%emt 0:00:14]} 30. e3 {[%emt 0:00:18]} b4 {[%emt 0:00:26]} 31. Bf1 {[%emt 0:00:39]} b3 {[%emt 0:01:06]} 32. Bc3 {[%emt 0:00:06]} Na5 {[%emt 0:06:46]} 33. Bb5 {[%emt 0:01:20]} Nc4 {[%emt 0:05:12]} 34. Bxc4 {[%emt 0:00:53]} Bxc4 {[%emt 0:00:03]} 35. Kg2 {[%emt 0:09:25]} Be2 {[%emt 0:00:13]} 36. f4 {[%emt 0:00:33]} exf3+ {[%emt 0:00:13]} 37. Kf2 {[%emt 0:00:03]} Kf6 {[%emt 0:00:13]} 38. e4 {[%emt 0:00:21]} Ke6 {[%emt 0:00:15]} 39. d5+ {[%emt 0:02:23]} Kd6 {[%emt 0:00:05]} 40. Bd4 {[%emt 0:00:00]} Kc7 {[%emt 0:00:00]} 41. Ke3 {[%emt 0:01:55]} Kb7 {[%emt 0:03:17]} 42. Bb2 {[%emt 0:11:02]} Kb6 {[%emt 0:00:49]} 43. Ba3 {[%emt 0:00:08]} Kb5 {[%emt 0:00:50]} 44. e5 {[%emt 0:00:14]} g5 {[%emt 0:10:49]} 45. d6 {[%emt 0:00:22]} exd6 {[%emt 0:00:17]} 46. exd6 {[%emt 0:00:04]} Kc6 {[%emt 0:00:03]} 47. g4 {[%emt 0:00:34]} Bd1 {[%emt 0:00:26]} 48. h3 {[%emt 0:00:53]} Kd7 {[%emt 0:00:39]} 49. Kf2 {[%emt 0:00:06]} Be2 {[%emt 0:00:06]} 50. Ke3 {[%emt 0:00:15]} Bf1 {[%emt 0:00:45]} 51. h4 {[%emt 0:07:23]} gxh4 {[%emt 0:00:50]} 52. Kxf3 {[%emt 0:00:04]} h6 {[%emt 0:00:33]} 53. Kf2 {[%emt 0:02:07]} Bh3 {[%emt 0:00:30]} 54. Kf3 {[%emt 0:00:17]} Ke6 {[%emt 0:01:02]} 55. Kf4 {[%emt 0:00:21]} Bg2 {[%emt 0:00:21]} 56. Ke3 {[%emt 0:00:18]} Bc6 {[%emt 0:00:29]} 57. Kf2 {[%emt 0:00:42]} Ke5 {[%emt 0:00:51]} 58. Ke3 {[%emt 0:01:32]} h3 {[%emt 0:00:40]} 59. Kf2 {[%emt 0:00:02]} h2 {[%emt 0:00:19]} 60. d7 {[%emt 0:00:03]} Bxd7 {[%emt 0:00:54]} 61. Kg2 {[%emt 0:00:09]} Bxg4 {[%emt 0:00:30]} 62. Kxh2 {[%emt 0:00:03]} Kd4 {[%emt 0:00:19]} 63. Bf8 {[%emt 0:00:08]} Kd3 {[%emt 0:00:17]} 64. Bg7 {[%emt 0:00:04]} Kc2 {[%emt 0:00:08]} 65. Kg3 {[%emt 0:00:02]} Bd1 {[%emt 0:00:21]} 0-1

[Event "12th Asrian Memorial 2019"]
[Site "Yerevan"]
[Date "2019.06.12"]
[Round "2.9"]
[White "Shmavonyan, Areg"]
[Black "Mikaelyan, Arman"]
[Result "0-1"]
[WhiteElo "2180"]
[BlackElo "2453"]
[Annotator "TA"]
[PlyCount "154"]
[EventDate "2019.06.11"]
[EventType "swiss"]
[EventCountry "ARM"]
[SourceTitle "playchess.com"]
[Source "ChessBase"]
[SourceQuality "1"]

{[%evp 13,154,14,22,29,9,15,10,0,0,-7,-12,-25,-8,-1,-19,-12,-20,-12,-10,-23,-10,-20,-18,-23,-21,-41,-16,-17,-16,-27,-35,-37,0,-97,-44,-77,-77,-77,-80,-79,-82,-89,0,0,-15,-69,0,-84,0,0,0,0,0,0,0,0,0,0,0,0,0,0,0,0,0,0,0,0,0,-2,0,-14,0,-68,-63,-67,-60,-52,-62,-74,-66,-62,-61,-73,-70,-68,-82,-104,-94,-233,-233,-335,-263,-333,-318,-323,-324,-362,-295,-254,-215,-414,-403,-391,-307,-258,-308,-363,-222,-1864,-1364,-1095,-1143,-29969,-29970,-29968,-29970,-29970,-29972,-29974,-29975,-29975,-29975,-29974,-29953,-29975,-29976,-29970,-29970,-5293,-6079,-29982,-29983,-29984,-29985,-29985,-29986,-29986,-29987,-29986,-29987,-29989,-29990]} 1. d4 g6 2. e4 Bg7 3. Nf3 d6 4. h3 Nf6 5. Nc3 O-O 6. Be2 b6 7. O-O Bb7 8. e5 {B08: Pirc Defence: Classical System} dxe5 9. Nxe5 (9. dxe5 Ne4 10. Nxe4 Bxe4 11. Bf4 Nc6 12. Qc1 Nd4 13. Nxd4 Qxd4 14. c3 Qc5 15. Re1 Rfd8 {1-0 (23) Psakhis,L (2610)-Manor,I (2510) Tel Aviv 1996}) 9... Qc8 $146 ({Predecessor:} 9... Na6 10. Be3 Nb4 11. a3 Nbd5 12. Nxd5 Nxd5 13. Bf3 c5 14. c4 Nxe3 15. fxe3 Bxe5 16. dxe5 {½-½ (24) Hasnein,F (1700)-Ibrahim,D (1936) Baghdad 2018}) 10. Be3 {The position is equal.} Rd8 11. Bc4 e6 {Strongly threatening ...c5.} 12. Qe2 Nc6 13. Nxc6 Bxc6 14. Rad1 a6 {[%cal Ba7a6,Ba6a5,Ba5a4,Ba4a3][%mdl 32]} 15. a4 Qb7 16. f3 Nd5 17. Nxd5 exd5 18. Bb3 $1 a5 19. Rfe1 b5 20. axb5 Bxb5 21. Qd2 a4 22. Ba2 Ba6 23. Qc3 (23. c3 $11 {remains equal.}) 23... c5 (23... Bf8 $17 {Threatens to win with ...Bb4.} 24. Bd2 c6) 24. b3 ({Don't go for} 24. Qxc5 $2 Bf8 $19) 24... a3 25. Qd2 c4 26. b4 Bb5 27. Ra1 Bd7 ({Black should play} 27... Re8 $17) 28. c3 $11 Re8 29. Bf4 (29. Bb1 $11) 29... Bf6 (29... Rxe1+ $15 30. Rxe1 Qc6) 30. Bg3 (30. Bb1 $11 {keeps the balance.}) 30... Qb6 (30... Rxe1+ $17 31. Rxe1 Qc6) 31. Rxe8+ $1 Bxe8 32. Bb1 Bd7 33. Bf2 Ra6 34. Qc1 Qa7 35. Ra2 Kg7 36. Be3 Qa8 37. Bh6+ Kg8 38. Be3 Bh4 39. Bf2 Bxf2+ 40. Kxf2 Kg7 41. h4 Qd8 42. g3 Qf6 43. Rxa3 (43. Qe3 $11) 43... Bg4 $1 $15 44. Rxa6 Qxf3+ 45. Kg1 Bh3 $1 {[%csl Gh3][%cal Rf3g2]} 46. Ra2 Qxg3+ 47. Kh1 {h5 is the strong threat.} Bg4 $1 {[%cal Rg4f3] ( -> ...Bf3+)} 48. Rg2 Bf3 $40 {[%csl Gf3][%cal Rg3g2][%mdl 192] [#] Pin. Black has some attack.} 49. Qd2 Bxg2+ 50. Qxg2 Qxh4+ 51. Qh2 (51. Kg1 $17 {was the only defense.}) 51... Qe1+ $19 {[%mdl 64] Double Attack} 52. Qg1 (52. Kg2 $142 Qd2+ 53. Kh1 Qc1+ {[%mdl 64] Double Attack} 54. Qg1 Qxc3 55. b5) 52... Qxc3 53. b5 Qb4 54. Bc2 {intending Qb1.} Qxb5 55. Qg3 Qc6 56. Qe5+ Qf6 {And now ...Qxe5 would win.} 57. Qe3 $2 (57. Qxd5 Qf1+ 58. Kh2) 57... h6 58. Ba4 Qe6 59. Qf2 Qg4 60. Bc2 Kf8 61. Qe3 $2 (61. Ba4) 61... Qh4+ 62. Kg2 Qg5+ 63. Qxg5 hxg5 {[%mdl 4096] Endgame KB-KP} 64. Ba4 Ke7 65. Kf3 f5 66. Bc6 g4+ 67. Kf4 Kd6 68. Ba4 Kc7 69. Be8 c3 70. Ba4 Kb6 71. Bb3 {[#]} g5+ $1 {[%mdl 512]} 72. Ke3 (72. Kxg5 g3) 72... f4+ {Black mates.} 73. Kd3 g3 74. Bxd5 g4 75. Be4 c2 {[%mdl 64] Promotion} 76. Kxc2 f3 77. Kd2 g2 {Accuracy: White = 39%, Black = 70%.} 0-1

[Event "12th Asrian Memorial 2019"]
[Site "Yerevan"]
[Date "2019.06.12"]
[Round "2.10"]
[White "Hayrapetyan, Hovik"]
[Black "Basencyan, Mark"]
[Result "1-0"]
[WhiteElo "2449"]
[BlackElo "2154"]
[Annotator "NA"]
[PlyCount "63"]
[EventDate "2019.06.11"]
[EventType "swiss"]
[EventCountry "ARM"]
[SourceTitle "playchess.com"]
[Source "ChessBase"]
[SourceQuality "1"]
[TimeControl "40/5400+30:1800+30"]

1. d4 {[%emt 0:00:00]} Nf6 {[%emt 0:00:00]} 2. c4 {[%emt 0:00:00]} g6 {[%emt 0:00:00]} 3. Nc3 {[%emt 0:00:04]} Bg7 {[%emt 0:00:05]} 4. Nf3 {[%emt 0:01:06]} O-O {[%emt 0:00:42]} 5. g3 {[%emt 0:06:22]} d6 {[%emt 0:00:18]} 6. Bg2 {[%emt 0:00:05]} Nbd7 {[%emt 0:00:24]} 7. O-O {[%emt 0:00:10]} e5 {[%emt 0:00:39]} 8. e4 {[%emt 0:00:05]} exd4 {[%emt 0:00:41]} 9. Nxd4 {[%emt 0:00:06]} Re8 {[%emt 0:00:25]} 10. h3 {[%emt 0:02:33]} Nc5 {[%emt 0:00:39]} 11. Re1 {[%emt 0:00:07]} a5 {[%emt 0:00:15]} 12. b3 {[%emt 0:05:06]} h6 {[%emt 0:02:30]} 13. Rb1 {[%emt 0:00:59]} c6 {[%emt 0:02:22]} 14. a3 {[%emt 0:36:29]} Nh7 {[%emt 0:11:33]} 15. b4 {[%emt 0:11:50]} axb4 {[%emt 0:01:22]} 16. axb4 {[%emt 0:00:01]} Ne6 {[%emt 0:03:56]} 17. Be3 {[%emt 0:00:49]} Nxd4 {[%emt 0:18:00]} 18. Bxd4 {[%emt 0:00:24]} Be6 {[%emt 0:00:06]} 19. Rc1 {[%emt 0:04:51]} Ra3 {[%emt 0:11:08]} 20. Bxg7 {[%emt 0:03:28]} Kxg7 {[%emt 0:00:22]} 21. Re3 {[%emt 0:00:05]} Ra8 {[%emt 0:24:32]} 22. Ne2 {[%emt 0:03:54]} Ra2 {[%emt 0:07:30]} 23. Nf4 {[%emt 0:05:40]} Nf8 {[%emt 0:04:10]} 24. Bf1 {[%emt 0:01:39]} Re7 {[%emt 0:07:47]} 25. Qd4+ {[%emt 0:08:35]} Kh7 {[%emt 0:00:06]} 26. Rd3 {[%emt 0:00:52]} Rd7 {[%emt 0:00:28]} 27. Rcd1 {[%emt 0:01:29]} Rc2 {[%emt 0:01:48]} 28. Ra3 {[%emt 0:01:56]} c5 {[%emt 0:01:17]} 29. Qa1 {[%emt 0:00:04]} g5 {[%emt 0:00:41]} 30. Nxe6 {[%emt 0:00:28]} Nxe6 {[%emt 0:00:21]} 31. Ra8 {[%emt 0:00:19]} Qe7 {[%emt 0:00:25]} 32. Qh8+ {[%emt 0:00:06]} 1-0

[Event "12th Asrian Memorial 2019"]
[Site "Yerevan"]
[Date "2019.06.12"]
[Round "2.11"]
[White "Muradyan, Robert"]
[Black "Gholami Orimi, Mahdi"]
[Result "1/2-1/2"]
[WhiteElo "2144"]
[BlackElo "2445"]
[Annotator "NA"]
[PlyCount "89"]
[EventDate "2019.06.11"]
[EventType "swiss"]
[EventCountry "ARM"]
[SourceTitle "playchess.com"]
[Source "ChessBase"]
[SourceQuality "1"]
[TimeControl "40/5400+30:1800+30"]

1. d4 {[%emt 0:00:00]} Nf6 {[%emt 0:00:00]} 2. Nf3 {[%emt 0:00:05]} e6 {[%emt 0:00:06]} 3. c4 {[%emt 0:00:28]} d5 {[%emt 0:00:09]} 4. Nc3 {[%emt 0:00:54]} dxc4 {[%emt 0:00:09]} 5. e3 {[%emt 0:03:44]} a6 {[%emt 0:00:08]} 6. a4 {[%emt 0:01:45]} b6 {[%emt 0:00:08]} 7. Bxc4 {[%emt 0:01:25]} Bb7 {[%emt 0:00:11]} 8. O-O {[%emt 0:01:00]} Bb4 {[%emt 0:00:17]} 9. Qe2 {[%emt 0:00:57]} Nbd7 {[%emt 0:00:31]} 10. Rd1 {[%emt 0:00:50]} O-O {[%emt 0:03:51]} 11. Bd3 {[%emt 0:05:30]} Bxf3 {[%emt 0:25:19]} 12. Qxf3 {[%emt 0:01:40]} e5 {[%emt 0:02:44]} 13. Qh3 {[%emt 0:22:55]} exd4 {[%emt 0:11:45]} 14. Nd5 {[%emt 0:03:02]} Bd6 {[%emt 0:01:29]} 15. exd4 {[%emt 0:00:20]} Re8 {[%emt 0:07:53]} 16. Bg5 {[%emt 0:03:33]} h6 {[%emt 0:00:37]} 17. Bh4 {[%emt 0:01:23]} g5 {[%emt 0:03:47]} 18. Nxf6+ {[%emt 0:01:54]} Nxf6 {[%emt 0:00:56]} 19. Bg3 {[%emt 0:00:11]} Bxg3 {[%emt 0:00:03]} 20. Qxg3 {[%emt 0:01:38]} Nd5 {[%emt 0:11:22]} 21. Qf3 {[%emt 0:06:20]} Qd6 {[%emt 0:02:05]} 22. Bc4 {[%emt 0:01:28]} Nf6 {[%emt 0:02:57]} 23. Rac1 {[%emt 0:09:13]} Qf4 {[%emt 0:14:53]} 24. Qxf4 {[%emt 0:13:51]} gxf4 {[%emt 0:00:02]} 25. g3 {[%emt 0:01:12]} fxg3 {[%emt 0:00:57]} 26. hxg3 {[%emt 0:00:23]} Re7 {[%emt 0:00:10]} 27. b3 {[%emt 0:05:51]} a5 {[%emt 0:06:35]} 28. Bb5 {[%emt 0:03:49]} Rd8 {[%emt 0:00:07]} 29. Kg2 {[%emt 0:00:42]} Kg7 {[%emt 0:01:18]} 30. Rd2 {[%emt 0:04:31]} Rd6 {[%emt 0:01:10]} 31. Re2 {[%emt 0:01:15]} Rxe2 {[%emt 0:00:17]} 32. Bxe2 {[%emt 0:00:04]} Rd7 {[%emt 0:00:05]} 33. Bb5 {[%emt 0:01:57]} Re7 {[%emt 0:00:03]} 34. Bc6 {[%emt 0:01:31]} Nh7 {[%emt 0:00:25]} 35. Rc2 {[%emt 0:01:34]} Ng5 {[%emt 0:00:10]} 36. Bb5 {[%emt 0:00:28]} f5 {[%emt 0:01:34]} 37. Rc6 {[%emt 0:00:29]} Ne6 {[%emt 0:00:21]} 38. Rc4 {[%emt 0:00:36]} Ng5 {[%emt 0:01:48]} 39. b4 {[%emt 0:00:13]} axb4 {[%emt 0:00:21]} 40. Rxb4 {[%emt 0:00:00]} Nf7 {[%emt 0:00:00]} 41. Bd3 {[%emt 0:06:22]} Nd6 {[%emt 0:01:36]} 42. a5 {[%emt 0:01:10]} bxa5 {[%emt 0:01:27]} 43. Ra4 {[%emt 0:00:10]} Re1 {[%emt 0:07:29]} 44. Rxa5 {[%emt 0:00:16]} Rd1 {[%emt 0:00:42]} 45. Bxf5 {[%emt 0:01:05]} 1/2-1/2

[Event "12th Asrian Memorial 2019"]
[Site "Yerevan"]
[Date "2019.06.12"]
[Round "2.12"]
[White "Davtyan, Artur"]
[Black "Yeremyan, Alen"]
[Result "1-0"]
[WhiteElo "2431"]
[BlackElo "2128"]
[Annotator "NA"]
[PlyCount "71"]
[EventDate "2019.06.11"]
[EventType "swiss"]
[EventCountry "ARM"]
[SourceTitle "playchess.com"]
[Source "ChessBase"]
[SourceQuality "1"]
[TimeControl "40/5400+30:1800+30"]

1. d4 {[%emt 0:00:00]} Nf6 {[%emt 0:02:34]} 2. c4 {[%emt 0:00:00]} g6 {[%emt 0:00:29]} 3. Nc3 {[%emt 0:00:00]} Bg7 {[%emt 0:00:05]} 4. e4 {[%emt 0:00:09]} d6 {[%emt 0:00:05]} 5. Be2 {[%emt 0:00:14]} O-O {[%emt 0:00:06]} 6. Nf3 {[%emt 0:00:10]} e5 {[%emt 0:02:27]} 7. O-O {[%emt 0:00:48]} exd4 {[%emt 0:02:53]} 8. Nxd4 {[%emt 0:00:15]} Nc6 {[%emt 0:00:05]} 9. Be3 {[%emt 0:00:59]} Re8 {[%emt 0:11:57]} 10. f3 {[%emt 0:00:54]} Nd7 {[%emt 0:06:01]} 11. Qd2 {[%emt 0:02:48]} Nc5 {[%emt 0:04:32]} 12. Rad1 {[%emt 0:00:45]} Be6 {[%emt 0:01:17]} 13. Rfe1 {[%emt 0:12:09]} a5 {[%emt 0:10:19]} 14. Bf1 {[%emt 0:01:27]} a4 {[%emt 0:07:05]} 15. Qf2 {[%emt 0:06:03]} Qe7 {[%emt 0:03:15]} 16. Ndb5 {[%emt 0:11:16]} Ne5 {[%emt 0:08:43]} 17. Nd5 {[%emt 0:17:08]} Bxd5 {[%emt 0:00:07]} 18. cxd5 {[%emt 0:04:23]} Red8 {[%emt 0:07:37]} 19. Qc2 {[%emt 0:04:39]} Na6 {[%emt 0:04:00]} 20. a3 {[%emt 0:03:32]} c6 {[%emt 0:03:45]} 21. Nc3 {[%emt 0:02:12]} Nc5 {[%emt 0:03:47]} 22. Bxc5 {[%emt 0:05:37]} dxc5 {[%emt 0:00:02]} 23. f4 {[%emt 0:00:01]} Ng4 {[%emt 0:04:36]} 24. e5 {[%emt 0:00:22]} cxd5 {[%emt 0:02:33]} 25. Nxd5 {[%emt 0:00:56]} Qh4 {[%emt 0:02:38]} 26. g3 {[%emt 0:00:12]} Qh5 {[%emt 0:01:52]} 27. h3 {[%emt 0:06:42]} Nxe5 {[%emt 0:04:40]} 28. fxe5 {[%emt 0:01:18]} Bxe5 {[%emt 0:00:02]} 29. Qxc5 {[%emt 0:00:51]} Kg7 {[%emt 0:03:46]} 30. Nf4 {[%emt 0:05:12]} Qg5 {[%emt 0:02:08]} 31. Qf2 {[%emt 0:00:21]} Bf6 {[%emt 0:00:48]} 32. Kh2 {[%emt 0:00:46]} Rac8 {[%emt 0:00:40]} 33. Bg2 {[%emt 0:00:48]} Qf5 {[%emt 0:00:50]} 34. Rf1 {[%emt 0:02:09]} Rxd1 {[%emt 0:00:41]} 35. Rxd1 {[%emt 0:03:42]} Rc2 {[%emt 0:00:31]} 36. Nh5+ {[%emt 0:00:20]} 1-0